[Event "21. Copenhagen Open  (Politiken Cup)"]
[Site "Copenhagen"]
[Date "1999.07.05"]
[Round "3"]
[White "Lynge, Torben"]
[Black "Petersen, Nils"]
[Result "0-1"]
[WhiteElo "1708"]
[BlackElo "2067"]
[PlyCount "128"]
[EventDate "1999.07.03"]
[EventType "swiss"]
[EventRounds "11"]
[EventCountry "DEN"]
[SourceDate "2004.01.01"]

1. e4 c5 2. Nf3 Nc6 3. Bc4 e6 4. Nc3 d6 5. d4 cxd4 6. Nxd4 Nf6 7. Bg5 a6 8. a3
Be7 9. O-O O-O 10. Re1 d5 11. exd5 Nxd5 12. Nxc6 bxc6 13. Bxe7 Nxe7 14. Qe2 Qc7
15. Ne4 Qe5 16. c3 a5 17. Rad1 h6 18. Qg4 f5 19. Qg3 Qxg3 20. Nxg3 Nd5 21. Ne2
Rb8 22. Rd2 Kf7 23. Nd4 Rb6 24. g3 Re8 25. Rde2 Kf6 26. Nxc6 Rxc6 27. Bxd5 Rd6
28. Bc4 e5 29. Bb5 Re7 30. b4 Bb7 31. bxa5 Bf3 32. Re3 e4 33. Be2 Bxe2 34.
R3xe2 Ra7 35. Rb1 Rxa5 36. Rb3 Rd1+ 37. Kg2 Ra1 38. Rb6+ Ke5 39. Rd2 R1xa3 40.
Rc6 Ra6 41. Rc7 g5 42. Rc5+ Ke6 43. Rdd5 f4 44. gxf4 gxf4 45. Re5+ Kd6 46. c4
Rd3 47. Rh5 Ra2 48. Rb5 e3 49. Rxh6+ Kc7 50. Rh7+ Rd7 51. Rc5+ Kb6 52. Rb5+ Kc6
53. Rhh5 Rg7+ 54. Kf3 Rxf2+ 55. Ke4 Re7+ 56. Kd3 Rd2+ 57. Kc3 Rd6 58. Rhc5+ Kd7
59. Rb7+ Ke8 60. Rxe7+ Kxe7 61. Re5+ Kf6 62. Rh5 e2 63. Rh6+ Ke5 64. Rxd6 e1=Q+
0-1

[Event "21. Copenhagen Open  (Politiken Cup)"]
[Site "Copenhagen"]
[Date "1999.07.05"]
[Round "3"]
[White "Lonborg, Morten"]
[Black "Jensen, Torben W"]
[Result "1-0"]
[WhiteElo "2159"]
[BlackElo "1740"]
[PlyCount "79"]
[EventDate "1999.07.03"]
[EventType "swiss"]
[EventRounds "11"]
[EventCountry "DEN"]
[SourceDate "2004.01.01"]

1. e4 d6 2. d4 g6 3. Nc3 Bg7 4. Nge2 Nf6 5. g3 O-O 6. Bg2 e5 7. O-O Nc6 8. d5
Ne7 9. f4 exf4 10. Bxf4 Ng4 11. Qd2 Ne5 12. b3 f5 13. Rae1 fxe4 14. Nxe4 Nf5
15. c4 Bd7 16. h3 h6 17. h4 Kh7 18. Nc1 Ng4 19. Bf3 Nd4 20. Ne2 Nxf3+ 21. Rxf3
Ne5 22. Rf2 Bg4 23. Nd4 Qe7 24. Qc2 Rf7 25. c5 Raf8 26. cxd6 cxd6 27. Rh2 Rc8
28. Qb1 Bd7 29. h5 Bf5 30. hxg6+ Kxg6 31. Nxf5 Rxf5 32. Rf2 Qf8 33. Nxd6 Qxd6
34. Qxf5+ Kxf5 35. Bxe5+ Kg5 36. Bxd6 Bd4 37. Bf4+ Kg4 38. Be3 Re8 39. Rfe2 Kf3
40. Bxd4 1-0

[Event "21. Copenhagen Open  (Politiken Cup)"]
[Site "Copenhagen"]
[Date "1999.07.05"]
[Round "3"]
[White "Manley, Christian"]
[Black "Simonsen, Hans Kristian"]
[Result "0-1"]
[WhiteElo "1086"]
[BlackElo "1650"]
[PlyCount "54"]
[EventDate "1999.07.03"]
[EventType "swiss"]
[EventRounds "11"]
[EventCountry "DEN"]
[SourceDate "2004.01.01"]

1. c4 Nf6 2. Nf3 g6 3. e3 Bg7 4. d4 O-O 5. Nc3 c5 6. Be2 cxd4 7. Nxd4 d5 8. b3
e5 9. Nf3 d4 10. exd4 exd4 11. Qxd4 Qa5 12. Bb2 Nc6 13. Qd3 Bf5 14. Qd2 Rad8
15. Qc1 Ne4 16. O-O Nxc3 17. Bxc3 Bxc3 18. Qh6 Bg7 19. Qh4 Nd4 20. g4 Nxe2+ 21.
Kg2 Be4 22. Rae1 Nf4+ 23. Kg3 Bxf3 24. Kxf3 g5 25. Qg3 Qc5 26. Re3 Qc6+ 27. Re4
Rd3# 0-1

[Event "21. Copenhagen Open  (Politiken Cup)"]
[Site "Copenhagen"]
[Date "1999.07.05"]
[Round "3"]
[White "Matthiesen, Martin"]
[Black "Ward, Christopher"]
[Result "0-1"]
[WhiteElo "2322"]
[BlackElo "2473"]
[PlyCount "58"]
[EventDate "1999.07.03"]
[EventType "swiss"]
[EventRounds "11"]
[EventCountry "DEN"]
[SourceDate "2004.01.01"]

1. d4 Nf6 2. c4 e6 3. Nc3 Bb4 4. Qc2 d5 5. cxd5 exd5 6. Bg5 c5 7. dxc5 h6 8.
Bxf6 Qxf6 9. e3 O-O 10. Nge2 Be6 11. a3 Bxc5 12. Nf4 Rc8 13. Rd1 d4 14. Ne4 Qf5
15. g4 Qe5 16. Nxc5 Rxc5 17. Qe2 Bc4 18. Qf3 Nc6 19. b4 dxe3 20. Qxe3 Re8 21.
Qxe5 Rcxe5+ 22. Kd2 Re4 23. Bxc4 Rxc4 24. Nd3 Nd4 25. Nc5 Nf3+ 26. Kd3 Ne5+ 27.
Kd2 b6 28. Nb3 Rd8+ 29. Ke2 Re4+ 0-1

[Event "21. Copenhagen Open  (Politiken Cup)"]
[Site "Copenhagen"]
[Date "1999.07.05"]
[Round "3"]
[White "Meulenbroek, Kim"]
[Black "Hau, Helge"]
[Result "1-0"]
[WhiteElo "1940"]
[BlackElo "1492"]
[PlyCount "59"]
[EventDate "1999.07.03"]
[EventType "swiss"]
[EventRounds "11"]
[EventCountry "DEN"]
[SourceDate "2004.01.01"]

1. e4 e6 2. d4 d5 3. Nc3 Bb4 4. e5 b6 5. a3 Bxc3+ 6. bxc3 Ba6 7. Bxa6 Nxa6 8.
Qg4 g6 9. Ne2 c5 10. h4 h5 11. Qf3 Nh6 12. Bg5 Qd7 13. Qf6 Rh7 14. Bxh6 Qe7 15.
Bg5 Qxf6 16. Bxf6 c4 17. Kd2 Nc7 18. f3 Kd7 19. g4 Rg8 20. Rag1 a6 21. Nf4 hxg4
22. fxg4 Ne8 23. g5 Ng7 24. Bxg7 Rgxg7 25. h5 Kc6 26. hxg6 Rxh1 27. Rxh1 fxg6
28. Nxe6 Re7 29. Nf4 Kb5 30. Nxd5 1-0

[Event "21. Copenhagen Open  (Politiken Cup)"]
[Site "Copenhagen"]
[Date "1999.07.05"]
[Round "3"]
[White "Maechel, Michael"]
[Black "Rubeksen, Thomas H"]
[Result "1-0"]
[WhiteElo "1611"]
[BlackElo "1050"]
[PlyCount "77"]
[EventDate "1999.07.03"]
[EventType "swiss"]
[EventRounds "11"]
[EventCountry "DEN"]
[SourceDate "2004.01.01"]

1. e4 e5 2. f4 d6 3. Nf3 Bg4 4. Bc4 Bxf3 5. Qxf3 exf4 6. O-O Qg5 7. d4 Nd7 8.
Bxf4 Qe7 9. Nc3 O-O-O 10. Nd5 Qe8 11. Rae1 Be7 12. Qc3 Ndf6 13. Nxc7 Qf8 14.
Nb5 a6 15. Bb3+ Kb8 16. Qc7+ Ka8 17. Nc3 Rc8 18. Qb6 Qd8 19. Qxd8 Rxd8 20. Bxf7
Rf8 21. Bd5 Rc8 22. Bb3 Nh5 23. Nd5 Nxf4 24. Nb6+ Kb8 25. Nxc8 Kxc8 26. Rxf4
Nf6 27. e5 dxe5 28. dxe5 Ne8 29. Rc4+ Nc7 30. Rf1 b5 31. Rc6 Bb4 32. Rxc7+ Kxc7
33. Rf7+ Kc6 34. Rxg7 Rf8 35. h3 Rf5 36. Rxh7 Bc5+ 37. Kh2 Bd4 38. Rh6+ Kd7 39.
Be6+ 1-0

[Event "21. Copenhagen Open  (Politiken Cup)"]
[Site "Copenhagen"]
[Date "1999.07.05"]
[Round "3"]
[White "Nielsen, Borge Hjerrild"]
[Black "Arngrimsson, Dagur"]
[Result "1-0"]
[WhiteElo "2142"]
[BlackElo "1725"]
[PlyCount "39"]
[EventDate "1999.07.03"]
[EventType "swiss"]
[EventRounds "11"]
[EventCountry "DEN"]
[SourceDate "2004.01.01"]

1. d4 d5 2. c4 e6 3. Nc3 Nf6 4. Bg5 Nbd7 5. e3 c6 6. Nf3 Be7 7. Qc2 O-O 8. Rd1
Re8 9. Bd3 Nf8 10. Ne5 Nh5 11. Bxe7 Qxe7 12. O-O dxc4 13. Bxc4 c5 14. Ne4 cxd4
15. Rxd4 Nd7 16. Nxd7 Bxd7 17. Qd1 Bc6 18. Qxh5 b5 19. Bb3 Qb7 20. Nd6 1-0

[Event "21. Copenhagen Open  (Politiken Cup)"]
[Site "Copenhagen"]
[Date "1999.07.05"]
[Round "3"]
[White "Nielsen, Frode Benedikt"]
[Black "Pedersen, Kaj Vinding"]
[Result "1-0"]
[WhiteElo "1949"]
[BlackElo "1497"]
[PlyCount "91"]
[EventDate "1999.07.03"]
[EventType "swiss"]
[EventRounds "11"]
[EventCountry "DEN"]
[SourceDate "2004.01.01"]

1. e4 Nf6 2. Bc4 d6 3. Nc3 e5 4. d3 Nc6 5. Nge2 Na5 6. Bb3 Nxb3 7. axb3 Be7 8.
O-O O-O 9. f4 exf4 10. Nxf4 c6 11. Kh1 b5 12. Be3 a6 13. Nce2 Ng4 14. Bg1 f5
15. h3 Ne5 16. Nd4 Qe8 17. Nde6 Bxe6 18. Nxe6 fxe4 19. Rxf8+ Bxf8 20. Nc7 Qd8
21. Nxa8 Qxa8 22. dxe4 c5 23. Qd5+ Qxd5 24. exd5 Nd7 25. Rxa6 Nf6 26. Bh2 Ne8
27. Kg1 b4 28. Kf2 Kf7 29. Kf3 Be7 30. Ra7 Kf6 31. Bf4 h6 32. Bd2 Kf7 33. c3
bxc3 34. Bxc3 Nf6 35. Bxf6 Kxf6 36. Ke4 h5 37. Kf4 g5+ 38. Ke4 h4 39. Rb7 Bd8
40. Rd7 Be7 41. b4 cxb4 42. b3 Kf7 43. Kf5 Ke8 44. Ke6 Bf6 45. Rb7 Bd8 46. Rb8
1-0

[Event "21. Copenhagen Open  (Politiken Cup)"]
[Site "Copenhagen"]
[Date "1999.07.05"]
[Round "3"]
[White "Nielsen, Michael Backmann"]
[Black "Olsen, Claus"]
[Result "0-1"]
[WhiteElo "1514"]
[BlackElo "2064"]
[PlyCount "68"]
[EventDate "1999.07.03"]
[EventType "swiss"]
[EventRounds "11"]
[EventCountry "DEN"]
[SourceDate "2004.01.01"]

1. d4 Nf6 2. Nf3 b6 3. e3 Bb7 4. Bd3 e6 5. Nbd2 c5 6. c3 d5 7. O-O Nc6 8. Qa4
a6 9. Ne5 b5 10. Qd1 Nxe5 11. dxe5 Nd7 12. f4 Qc7 13. Qg4 g6 14. Nf3 Qb6 15.
Bc2 a5 16. b3 Bg7 17. Kh1 O-O 18. h4 Rfc8 19. h5 Nf8 20. hxg6 hxg6 21. Nh4 b4
22. Rf3 d4 23. Rg3 dxc3 24. Nf3 Rc7 25. f5 exf5 26. Bxf5 Rd8 27. Bc2 Rcd7 28.
e4 Qa6 29. Bg5 Qe2 30. e6 Nxe6 31. Bxd8 Qxc2 32. Bxa5 Rd1+ 33. Rxd1 Qxd1+ 34.
Kh2 c2 {Tid} 0-1

[Event "21. Copenhagen Open  (Politiken Cup)"]
[Site "Copenhagen"]
[Date "1999.07.05"]
[Round "3"]
[White "Nilssen, John Arni"]
[Black "Hansen, Sune Berg"]
[Result "0-1"]
[WhiteElo "2326"]
[BlackElo "2558"]
[PlyCount "106"]
[EventDate "1999.07.03"]
[EventType "swiss"]
[EventRounds "11"]
[EventCountry "DEN"]
[SourceDate "2004.01.01"]

1. d4 Nf6 2. c4 e6 3. Nc3 Bb4 4. e3 O-O 5. Bd3 c5 6. Nge2 d5 7. cxd5 cxd4 8.
exd4 Nxd5 9. O-O Nc6 10. Be4 Nf6 11. Bf3 h6 12. Be3 Ne7 13. Qb3 Bd6 14. Ne4
Nxe4 15. Bxe4 Bd7 16. Rfd1 Bc6 17. Bxc6 bxc6 18. Bf4 Rb8 19. Qc2 Bxf4 20. Nxf4
Rb4 21. Ne2 Qb6 22. b3 Rd8 23. Rac1 Rd5 24. Rd3 Qd8 25. Qd2 Rb8 26. Nc3 Rd7 27.
Na4 Rc8 28. Nc5 Rd5 29. b4 Nf5 30. Rd1 Qh4 31. g3 Qe7 32. Nb3 Rcd8 33. Qc3 Qd6
34. R3d2 h5 35. h4 Qd7 36. a3 Nd6 37. Rc2 Rc8 38. Rdc1 g5 39. hxg5 Rxg5 40. Qe3
Rg6 41. Qf3 h4 42. Rxc6 Rf8 43. Qf4 Nf5 44. g4 Nh6 45. f3 f5 46. g5 Nf7 47.
Qxh4 Nxg5 48. Kf2 Qd5 49. Nd2 Ne4+ 50. Ke3 f4+ 51. Kd3 Nxd2 52. Rh1 Qxf3+ 53.
Kc2 Qb3+ 0-1

[Event "21. Copenhagen Open  (Politiken Cup)"]
[Site "Copenhagen"]
[Date "1999.07.05"]
[Round "3"]
[White "Nolsoe, Eydun"]
[Black "Clausen, Mikkel"]
[Result "1-0"]
[WhiteElo "2184"]
[BlackElo "1787"]
[PlyCount "117"]
[EventDate "1999.07.03"]
[EventType "swiss"]
[EventRounds "11"]
[EventCountry "DEN"]
[SourceDate "2004.01.01"]

1. e4 c6 2. d4 d5 3. e5 Bf5 4. Nc3 e6 5. g4 Bg6 6. Nge2 Bb4 7. Bg2 Ne7 8. Nf4
Nd7 9. h4 h6 10. Nxg6 Nxg6 11. h5 Ne7 12. Bd2 a6 13. a3 Ba5 14. b4 Bc7 15. Na4
b5 16. Nc5 Nxc5 17. bxc5 Ba5 18. c3 Qc8 19. Qe2 Kd7 20. f4 Kc7 21. a4 Qd7 22.
O-O g6 23. hxg6 fxg6 24. Ra2 Kb7 25. axb5 axb5 26. Rfa1 Bc7 27. Be1 Rhb8 28.
Qb2 Rxa2 29. Qxa2 Kc8 30. Bh4 g5 31. fxg5 Ng6 32. Bg3 hxg5 33. Rf1 Bd8 34. Rf3
Rb7 35. Qa8+ Rb8 36. Qa6+ Qb7 37. Qa2 Qd7 38. Qb1 Qg7 39. Bf1 Rb7 40. Bd3 Nh8
41. Rf2 Nf7 42. Ra2 Nh6 43. Ra8+ Rb8 44. Ra6 Qd7 45. Be2 Rb7 46. Qg6 Nf7 47.
Bd3 Rc7 48. Bf5 Nh8 49. Qxe6 Qxe6 50. Bxe6+ Kb7 51. Ra2 Ng6 52. Rf2 Re7 53. Bf5
Nh4 54. e6 Bc7 55. Bd6 Re8 56. e7 Ba5 57. Rc2 Nf3+ 58. Kf2 Nh4 59. Bd7 1-0

[Event "21. Copenhagen Open  (Politiken Cup)"]
[Site "Copenhagen"]
[Date "1999.07.05"]
[Round "3"]
[White "Nuoristo, Peter"]
[Black "Grigorian, Anusit"]
[Result "1-0"]
[WhiteElo "2266"]
[BlackElo "2000"]
[PlyCount "149"]
[EventDate "1999.07.03"]
[EventType "swiss"]
[EventRounds "11"]
[EventCountry "DEN"]
[SourceDate "2004.01.01"]

1. d4 d5 2. c4 e5 3. dxe5 d4 4. Nf3 Nc6 5. g3 Nge7 6. Bg2 Ng6 7. O-O Ngxe5 8.
Nbd2 Be7 9. b3 O-O 10. Bb2 Nxf3+ 11. Nxf3 Bf6 12. Qd2 Re8 13. Rfe1 Bg4 14. h3
Bxf3 15. Bxf3 Bg5 16. Qd1 Bf6 17. Qd2 Bg5 18. Qd1 Bf6 19. Bxc6 bxc6 20. Qd3 Qd7
21. Kg2 c5 22. e4 g6 23. f4 Rad8 24. Re2 Qc6 25. Kh2 Re7 26. Rae1 Rde8 27. Bc1
a5 28. Bd2 Qa8 29. e5 Bg7 30. h4 Qa6 31. h5 f5 32. hxg6 hxg6 33. Rg2 Kf7 34. g4
Rh8+ 35. Kg1 fxg4 36. Rxg4 Qc6 37. Rg2 Rh5 38. Bxa5 Qe6 39. Bd2 Rh3 40. Qe4 c6
41. Rf1 Rh5 42. a4 Re8 43. Rf3 Reh8 44. Rfg3 Rh1+ 45. Kf2 R1h2 46. Qxg6+ Qxg6
47. Rxg6 Rxg2+ 48. Rxg2 Bf8 49. Kf3 Rh3+ 50. Ke4 Rxb3 51. f5 Be7 52. f6 Bf8 53.
a5 Ke6 54. Rh2 Ra3 55. Rh8 Kf7 56. Rh7+ Ke6 57. Rh8 Kf7 58. Rh7+ Ke6 59. Rh2
Rg3 60. Rf2 Rg4+ 61. Rf4 Rg2 62. Kd3 Rg3+ 63. Ke4 Rg2 64. Kd3 Rg3+ 65. Kc2 Kxe5
66. Rf1 Rg2 67. f7 Kd6 68. Kd3 Rg3+ 69. Ke4 Rg4+ 70. Bf4+ Ke6 71. a6 Rg2 72.
Ra1 Re2+ 73. Kf3 Rb2 74. a7 Rb3+ 75. Ke4 1-0

[Event "21. Copenhagen Open  (Politiken Cup)"]
[Site "Copenhagen"]
[Date "1999.07.05"]
[Round "3"]
[White "Olsen, Miriam Frida"]
[Black "Pedersen, Torben"]
[Result "0-1"]
[WhiteElo "1000"]
[BlackElo "1625"]
[PlyCount "38"]
[EventDate "1999.07.03"]
[EventType "swiss"]
[EventRounds "11"]
[EventCountry "DEN"]
[SourceDate "2004.01.01"]

1. d4 Nf6 2. c4 e6 3. Nc3 b6 4. e4 Bb4 5. Bd2 Bxc3 6. Bxc3 Nxe4 7. Bb4 Bb7 8.
Bd3 Qf6 9. Bxe4 Bxe4 10. Qg4 d5 11. Rc1 Na6 12. a3 Nxb4 13. axb4 O-O 14. cxd5
Bxd5 15. Rxc7 Rac8 16. Rxa7 Rc1+ 17. Kd2 Rfc8 18. Qh5 Qxd4+ 19. Ke2 R8c2# 0-1

[Event "21. Copenhagen Open  (Politiken Cup)"]
[Site "Copenhagen"]
[Date "1999.07.05"]
[Round "3"]
[White "Ori, Marco"]
[Black "Jorgensen, Carina Eilegaard"]
[Result "1-0"]
[WhiteElo "2068"]
[BlackElo "1574"]
[PlyCount "49"]
[EventDate "1999.07.03"]
[EventType "swiss"]
[EventRounds "11"]
[EventCountry "DEN"]
[SourceDate "2004.01.01"]

1. e4 c5 2. Nf3 d6 3. d4 cxd4 4. Nxd4 Nf6 5. Nc3 g6 6. f4 Bg7 7. e5 dxe5 8.
fxe5 Nfd7 9. e6 Ne5 10. Bb5+ Nec6 11. exf7+ Kf8 12. Nxc6 Bxc3+ 13. bxc3 Qxd1+
14. Kxd1 Nxc6 15. Bh6+ Kxf7 16. Bc4+ e6 17. Rf1+ Ke7 18. Ke2 Kd6 19. Bf8+ Kc7
20. Rf7+ Kd8 21. Bg7 Rg8 22. Bf6+ Ke8 23. Rxh7 Rf8 24. Rf1 a6 25. Rg7 1-0

[Event "21. Copenhagen Open  (Politiken Cup)"]
[Site "Copenhagen"]
[Date "1999.07.05"]
[Round "3"]
[White "Palo, Davor"]
[Black "Olsen, Heini"]
[Result "1/2-1/2"]
[WhiteElo "2141"]
[BlackElo "2292"]
[PlyCount "37"]
[EventDate "1999.07.03"]
[EventType "swiss"]
[EventRounds "11"]
[EventCountry "DEN"]
[SourceDate "2004.01.01"]

1. d4 Nf6 2. c4 e6 3. Nc3 Bb4 4. Qc2 O-O 5. Nf3 c5 6. dxc5 Na6 7. Bd2 Nxc5 8.
e3 b6 9. Be2 Bb7 10. O-O Qe7 11. a3 Bxc3 12. Bxc3 Rfc8 13. Rac1 d5 14. Bxf6
Qxf6 15. cxd5 Bxd5 16. b4 Be4 17. Qc4 Bd5 18. Qc2 Be4 19. Qc4 1/2-1/2

[Event "21. Copenhagen Open  (Politiken Cup)"]
[Site "Copenhagen"]
[Date "1999.07.05"]
[Round "3"]
[White "Pedersen, Steffen"]
[Black "Backlund, Anders"]
[Result "1-0"]
[WhiteElo "2427"]
[BlackElo "2265"]
[PlyCount "87"]
[EventDate "1999.07.03"]
[EventType "swiss"]
[EventRounds "11"]
[EventCountry "DEN"]
[SourceDate "2004.01.01"]

1. d4 Nf6 2. c4 g6 3. Nc3 Bg7 4. Bg5 d6 5. e3 h6 6. Bh4 Nbd7 7. Nf3 O-O 8. Be2
e5 9. O-O g5 10. Bg3 Nh5 11. dxe5 Nxg3 12. hxg3 dxe5 13. g4 c6 14. Nd2 Nf6 15.
Nce4 Be6 16. Nxf6+ Qxf6 17. Qc2 Qe7 18. Rad1 Rad8 19. Ne4 Rxd1 20. Rxd1 Rd8 21.
Rxd8+ Qxd8 22. b3 b6 23. Ng3 Qd7 24. f3 Kf8 25. Bd3 Kg8 26. Kf2 Bf8 27. Ke2 Bg7
28. Bh7+ Kf8 29. Bf5 Kg8 30. Bxe6 Qxe6 31. Qd3 Bf8 32. Qd8 Qe7 33. Qxe7 Bxe7
34. Kd3 f6 35. Ke4 Kf7 36. Kf5 Bc5 37. Ne4 Bxe3 38. Nxf6 Bd4 39. Nd7 c5 40.
Nxe5+ Kg7 41. Nc6 Bc3 42. Nxa7 Kf7 43. Nc8 Ba5 44. Ke5 1-0

[Event "21. Copenhagen Open  (Politiken Cup)"]
[Site "Copenhagen"]
[Date "1999.07.05"]
[Round "3"]
[White "Petersen, Steffen"]
[Black "Vistisen, Lars"]
[Result "0-1"]
[WhiteElo "1875"]
[BlackElo "2199"]
[PlyCount "94"]
[EventDate "1999.07.03"]
[EventType "swiss"]
[EventRounds "11"]
[EventCountry "DEN"]
[SourceDate "2004.01.01"]

1. e4 e5 2. Nf3 Nc6 3. Bb5 f5 4. Bxc6 bxc6 5. d3 d6 6. Nc3 Nf6 7. O-O Be7 8. b3
O-O 9. Bb2 Qe8 10. Re1 Qh5 11. d4 fxe4 12. Nxe4 Nxe4 13. Rxe4 Bf5 14. Re3 e4
15. Ne1 Bg4 16. f3 exf3 17. Nxf3 Bg5 18. Rd3 Rae8 19. Bc1 Bxf3 20. Rxf3 Rxf3
21. Bxg5 Rh3 22. gxh3 Qxg5+ 23. Qg4 Qe3+ 24. Kh1 h5 25. Qg6 Qe4+ 26. Qxe4 Rxe4
27. Rd1 Re2 28. Rc1 Rd2 29. a4 Rxd4 30. Kg2 Rd2+ 31. Kg3 g5 32. b4 Kg7 33. h4
gxh4+ 34. Kxh4 Rxh2+ 35. Kg3 Rd2 36. c4 Kg6 37. Re1 Rd3+ 38. Kg2 Kf6 39. Re8
Rb3 40. b5 cxb5 41. Rc8 bxc4 42. Rxc7 c3 43. Rxa7 Ke5 44. a5 Ra3 45. Rh7 Kd4
46. Rxh5 c2 47. Rh1 Kc3 0-1

[Event "21. Copenhagen Open  (Politiken Cup)"]
[Site "Copenhagen"]
[Date "1999.07.05"]
[Round "3"]
[White "Poulsen, Martin"]
[Black "Grigoryan, Meri"]
[Result "1-0"]
[WhiteElo "1775"]
[BlackElo "2100"]
[PlyCount "79"]
[EventDate "1999.07.03"]
[EventType "swiss"]
[EventRounds "11"]
[EventCountry "DEN"]
[SourceDate "2004.01.01"]

1. e4 c5 2. Nf3 d6 3. d4 cxd4 4. Nxd4 a6 5. c4 Nf6 6. Nc3 e5 7. Nc2 h6 8. Be2
Be6 9. Be3 Nbd7 10. f3 Nb6 11. b3 Be7 12. Qd2 Rc8 13. Rd1 Qc7 14. O-O Bxc4 15.
bxc4 Nxc4 16. Nd5 Nxd5 17. Qxd5 Nxe3 18. Nxe3 Qb6 19. Qd2 Bg5 20. Kf2 d5 21. g3
h5 22. h4 Bh6 23. Rb1 Qa7 24. exd5 f5 25. d6 O-O 26. d7 Rcd8 27. Qd5+ Kh8 28.
Qxe5 f4 29. gxf4 Bxf4 30. Qxh5+ Bh6 31. Qe5 Rxd7 32. Rfd1 b5 33. Rxd7 Qxd7 34.
Rd1 Qc6 35. Rd6 Bxe3+ 36. Kxe3 Qc1+ 37. Kf2 b4 38. Bd3 Qd2+ 39. Kg3 Qc1 40.
Qh5+ 1-0

[Event "21. Copenhagen Open  (Politiken Cup)"]
[Site "Copenhagen"]
[Date "1999.07.05"]
[Round "3"]
[White "Preuss, Flemming"]
[Black "Haagen Larsen, Hans"]
[Result "1-0"]
[WhiteElo "2078"]
[BlackElo "1612"]
[PlyCount "149"]
[EventDate "1999.07.03"]
[EventType "swiss"]
[EventRounds "11"]
[EventCountry "DEN"]
[SourceDate "2004.01.01"]

1. e4 e6 2. Qe2 c5 3. f4 Nc6 4. Nf3 Nge7 5. g3 d5 6. d3 Nd4 7. Nxd4 cxd4 8. Bg2
Qa5+ 9. Nd2 Bd7 10. O-O O-O-O 11. Nb3 Qb6 12. Bd2 Nc6 13. exd5 exd5 14. Bxd5
Bh3 15. Bg2 Bxg2 16. Kxg2 f5 17. Qe6+ Kb8 18. Qxf5 Bb4 19. Rf2 g6 20. Qg5 Rhe8
21. a3 Bxd2 22. Rxd2 Re3 23. Rf2 Rde8 24. Raf1 Ne7 25. Qc5 Qxc5 26. Nxc5 Nf5
27. Nd7+ Kc7 28. Nf6 Rd8 29. Ng4 Re6 30. Kf3 Rd5 31. Re2 Rxe2 32. Kxe2 Rc5 33.
Rc1 a5 34. a4 h6 35. Kd2 Kd6 36. Ne5 g5 37. Nc4+ Ke6 38. fxg5 hxg5 39. b3 g4
40. Re1+ Kf6 41. Re4 Kg5 42. c3 dxc3+ 43. Kxc3 b5 44. axb5 Rxb5 45. d4 Rd5 46.
Ne5 Nxd4 47. Rxg4+ Kf5 48. Rxd4 Rxe5 49. Rh4 Re3+ 50. Kc4 Kg5 51. Rd4 Re2 52.
h4+ Kg6 53. Rg4+ Kf6 54. Rg5 Rc2+ 55. Kd4 Ra2 56. Ke4 a4 57. bxa4 Rxa4+ 58. Kf3
Ra3+ 59. Kg4 Ra7 60. Rb5 Ra6 61. Kh5 Ra7 62. Rb6+ Kg7 63. g4 Rf7 64. g5 Re7 65.
Rb4 Rd7 66. Kg4 Rf7 67. h5 Rd7 68. h6+ Kh7 69. Kh5 Rd8 70. g6+ Kh8 71. Rb5 Rc8
72. Rf5 Re8 73. Kg5 Rd8 74. g7+ Kg8 75. Kg6 1-0

[Event "21. Copenhagen Open  (Politiken Cup)"]
[Site "Copenhagen"]
[Date "1999.07.05"]
[Round "3"]
[White "Rasmussen, Casper Dahl"]
[Black "Jensen, Kasper Smith"]
[Result "0-1"]
[WhiteElo "2240"]
[BlackElo "1944"]
[PlyCount "90"]
[EventDate "1999.07.03"]
[EventType "swiss"]
[EventRounds "11"]
[EventCountry "DEN"]
[SourceDate "2004.01.01"]

1. e4 e5 2. Nf3 d6 3. d4 exd4 4. Nxd4 Nf6 5. Nc3 g6 6. f3 Bg7 7. Be3 Be6 8. Qd2
Nbd7 9. O-O-O Nb6 10. Nxe6 fxe6 11. Bh6 Qe7 12. Bb5+ Nfd7 13. Bg5 Bf6 14. Bxf6
Qxf6 15. e5 Qxe5 16. Rhe1 Qf5 17. a4 O-O-O 18. a5 Nd5 19. Bd3 Qf4 20. Nxd5
Qxd2+ 21. Rxd2 exd5 22. Rde2 Ne5 23. Kd2 c5 24. c3 a6 25. f4 Nc6 26. g4 Nxa5
27. f5 gxf5 28. Bxf5+ Kb8 29. Re7 Nc4+ 30. Kc2 Ne5 31. Rd1 d4 32. cxd4 Nc6 33.
Rxh7 Rxh7 34. Bxh7 Rh8 35. dxc5 Rxh7 36. Rxd6 Rxh2+ 37. Kc3 Rg2 38. Rg6 Rg3+
39. Kc2 Ka7 40. Rg7 Nd4+ 41. Kb1 Rg1+ 42. Ka2 Ne6 43. Rg8 Nxc5 44. b4 Ne4 45.
Kb3 Nf6 0-1

[Event "21. Copenhagen Open  (Politiken Cup)"]
[Site "Copenhagen"]
[Date "1999.07.05"]
[Round "3"]
[White "Rasmussen, Henning"]
[Black "Gunter, David WW"]
[Result "0-1"]
[WhiteElo "1802"]
[BlackElo "2146"]
[PlyCount "102"]
[EventDate "1999.07.03"]
[EventType "swiss"]
[EventRounds "11"]
[EventCountry "DEN"]
[SourceDate "2004.01.01"]

1. d4 Nf6 2. c4 g6 3. Nc3 Bg7 4. e4 O-O 5. f3 d6 6. Be3 Nbd7 7. Qd2 c5 8. Nge2
a6 9. Rd1 Qc7 10. Nc1 cxd4 11. Bxd4 Ne5 12. b3 h5 13. Nd5 Nxd5 14. cxd5 Bd7 15.
Be2 Rfc8 16. O-O Kh7 17. Be3 Bb5 18. a4 Bxe2 19. Nxe2 Qd7 20. Rc1 b5 21. a5
Rxc1 22. Rxc1 Rc8 23. Rxc8 Qxc8 24. Qc1 Qxc1+ 25. Nxc1 Nd7 26. Bd2 f5 27. Kf2
Bd4+ 28. Ke2 fxe4 29. fxe4 Kg7 30. Kd3 Bg1 31. Bc3+ Kf7 32. e5 dxe5 33. h3 Nc5+
34. Kc2 Bh2 35. Nd3 Nxd3 36. Kxd3 e6 37. Ke4 exd5+ 38. Kxd5 Kf6 39. Kc6 Ke6 40.
Kb7 Kd5 41. Kxa6 Kc6 42. g4 hxg4 43. hxg4 e4 44. Ka7 e3 45. a6 Bg3 46. Ka8 e2
47. a7 Kb6 48. b4 e1=Q 49. Bxe1 Bxe1 50. g5 Ka6 51. Kb8 Bg3+ 0-1

[Event "21. Copenhagen Open  (Politiken Cup)"]
[Site "Copenhagen"]
[Date "1999.07.05"]
[Round "3"]
[White "Rasmussen, Poul"]
[Black "Hansen, Erik Friberg"]
[Result "1-0"]
[WhiteElo "1581"]
[BlackElo "1028"]
[PlyCount "75"]
[EventDate "1999.07.03"]
[EventType "swiss"]
[EventRounds "11"]
[EventCountry "DEN"]
[SourceDate "2004.01.01"]

1. e4 c5 2. Nf3 d6 3. Bd3 Nf6 4. c3 Nc6 5. Bc2 e5 6. h3 Be7 7. O-O O-O 8. d3 h6
9. Re1 Re8 10. Nbd2 Be6 11. Nf1 a6 12. Ng3 b5 13. Bd2 Nh7 14. Bb3 c4 15. dxc4
Bxc4 16. Bxc4 bxc4 17. Nf5 Bf6 18. Be3 Re6 19. Qd5 Na5 20. Rad1 Rb8 21. b4 Nb7
22. Ba7 Ng5 23. Nxg5 Bxg5 24. Bxb8 Qxb8 25. h4 Bf6 26. Qxc4 Kh7 27. g3 g6 28.
Ne3 g5 29. h5 Be7 30. Rd5 Qg8 31. g4 f6 32. Qxa6 Nd8 33. Nf5 Qf8 34. Qc8 Qf7
35. b5 Bf8 36. Qxd8 Re8 37. Qa5 Qc7 38. Qxc7+ 1-0

[Event "21. Copenhagen Open  (Politiken Cup)"]
[Site "Copenhagen"]
[Date "1999.07.05"]
[Round "3"]
[White "Rosenberg, Jan"]
[Black "Dinesen, Henrik"]
[Result "1-0"]
[WhiteElo "1624"]
[BlackElo "1129"]
[PlyCount "89"]
[EventDate "1999.07.03"]
[EventType "swiss"]
[EventRounds "11"]
[EventCountry "DEN"]
[SourceDate "2004.01.01"]

1. e4 c6 2. d4 d5 3. exd5 cxd5 4. c4 Nf6 5. Nc3 e6 6. Nf3 Nc6 7. a3 dxc4 8.
Bxc4 Bd6 9. Bg5 h6 10. Bh4 a6 11. Qe2 O-O 12. Rd1 Re8 13. Ne5 Bd7 14. O-O Be7
15. Ba2 Nd5 16. Bxe7 Nxc3 17. bxc3 Qxe7 18. Rfe1 Rad8 19. Bb1 Nxe5 20. Qxe5 Bc6
21. Re3 Qg5 22. Qxg5 hxg5 23. Rde1 g6 24. Re5 Rd5 25. Ba2 Rxe5 26. Rxe5 g4 27.
Rg5 Rd8 28. Rxg4 e5 29. Rxg6+ Kh7 30. Rf6 exd4 31. Rxf7+ Kg6 32. cxd4 Rxd4 33.
h4 Rxh4 34. Rf8 Ra4 35. Rg8+ Kh7 36. Rg3 Rd4 37. Bb1+ Kh6 38. Kh2 Rh4+ 39. Rh3
Rxh3+ 40. Kxh3 b5 41. f4 a5 42. g4 Bd7 43. Kh4 b4 44. axb4 a4 45. Ba2 1-0